Una conversación en el cielo / (Record no. 184261)

MARC details
000 -LEADER
campo de control de longitud fija 00743nam a2200217 i 4500
001 - NÚMERO DE CONTROL
campo de control 184261
003 - IDENTIFICADOR DE NÚMERO DE CONTROL
campo de control ES-MaACL
005 - FECHA Y HORA DE LA ÚLTIMA TRANSACCIÓN
campo de control 20231118130941.0
008 - DATOS DE LONGITUD FIJA--INFORMACIÓN GENERAL
campo de control de longitud fija 150603s2014 sp |||| | spa d
020 ## - NÚMERO INTERNACIONAL ESTÁNDAR DEL LIBRO
Número Internacional Estándar del Libro 978-84-86721-04-6
080 ## - NÚMERO DE LA CLASIFICACIÓN DECIMAL UNIVERSAL
Número de la Clasificación Decimal Universal 821.134.2-31"19"
100 1# - ENTRADA PRINCIPAL--NOMBRE DE PERSONA
Nombre de persona Harguindey, Salvador.
9 (RLIN) 156956
245 14 - MENCIÓN DEL TÍTULO
Título Una conversación en el cielo /
Mención de responsabilidad, etc. Salvador Harguindey.
250 ## - MENCION DE EDICION
Mención de edición 1ª ed.
260 ## - PUBLICACIÓN, DISTRIBUCIÓN, ETC.
Lugar de publicación, distribución, etc. Vitoria-Gasteiz :
Nombre del editor, distribuidor, etc. Luz Pradera,
Fecha de publicación, distribución, etc. 2014.
300 ## - DESCRIPCIÓN FÍSICA
Extensión 472 p. ;
Dimensiones 23 cm.
852 ## - LOCALIZACIÓN
Ubicación ES-MaACL
Número de control de estantería A-13499
Anotaciones manuscritas Dedicatoria autógrafa del autor
itemnumber 191246
Sublocalización o colección R.150458
Ubicación en estantería Depósito 1
Signatura antigua Olim: N-6499
Donativo/Legado Donación: Salvador Harguindey
903 ## - NOMBRE PERSONAL DE DONANTE
9 156956
a Harguindey, Salvador
e Donante
942 ## - ELEMENTOS DE ENTRADA SECUNDARIOS (KOHA)
Fuente del sistema de clasificación o colocación Clasificación decimal universal
Tipo de ítem Koha Libro impreso
Holdings
Estatus retirado Estado de pérdida Fuente del sistema de clasificación o colocación Estado de daño No para préstamo Colección Biblioteca de origen Biblioteca actual Ubicación en estantería Fecha de adquisición Fuente de adquisición Total de préstamos Signatura topográfica completa Código de barras Visto por última vez Precio de reemplazo Tipo de ítem Koha Nota pública
    Clasificación decimal universal     Libros con dedicatorias Biblioteca del Ateneo de Madrid Biblioteca del Ateneo de Madrid Depósito 1 03/06/2015 Donación   A-13499 1193825 23/02/2023 23/02/2023 Libro impreso Dedicatoria autógrafa del autor